Most Triple Doubles in the NBA playoffs - Statistics

General Stats
  • This quiz has been taken 176 times
  • The average score is 13 of 30
Answer Stats
Hint Answer % Correct
12 Russell Westbrook
96%
28 LeBron James
95%
30 Magic Johnson
92%
16 Nikola Jokic
86%
9 Wilt Chamberlain
66%
3 Stephen Curry
65%
4 James Harden
64%
10 Larry Bird
64%
8 Oscar Robertson
60%
10 Draymond Green
56%
4 Tim Duncan
55%
3 Luka Doncic
54%
4 Scottie Pippen
51%
3 Giannis Antetokounmpo
46%
11 Jason Kidd
46%
3 Bill Russell
44%
3 Chris Paul
39%
3 Kevin Garnett
36%
4 Charles Barkley
31%
3 Clyde Drexler
26%
5 John Havlicek
25%
10 Rajon Rondo
23%
4 Elgin Baylor
22%
3 Jimmy Butler
20%
3 Lenny Wilkens
18%
3 Ben Simmons
12%
3 Blake Griffin
11%
4 Walt Frazier
9%
3 Fat Lever
4%
3 Tom Gola
1%
No matching quizzes found
Score Distribution
Percent of People with Each Score
Percentile by Number Answered
Your Score History
You have not taken this quiz